000 00275nam a2200109Ia 4500
008 190216s9999||||xx |||||||||||||| ||und||
100 _aLalithambika Antherjanam
245 0 _aSeethamuthal Sathyavathi Vare
260 _bNbs Kottayam
650 _aEssay Malayalam
942 _cBK
999 _c25902
_d25902